00583nam a2200193Ia 450000500170000000800410001702000180005804000190007604100120009508200180010724500670012526000340019230000140022644000290024050400500026965000260031965100340034585000100037920230628111852.0131103s9999 xx 000 0 und d aSBN 333124006 aLoreto College aEnglish a942.062 bRUS 4aThe origins of the English civil warcedited by Conard Russell aLondonbMacmillan Pressc1973 ax,285 p.  aProblems In Focus Series aIncludes bibliographical references and index aCivil War,1642 - 1649 aEngland - History,1642 - 1649 aLCLIB